Guess the One-Hit Wonder - Statistics

General Stats
  • This quiz has been taken 60 times
  • The average score is 9 of 17
Answer Stats
Song One Hit Wonder % Correct
Gangnam Style Psy
89%
Call Me Maybe Carly Rae Jepsen
83%
Take on Me A-ha
81%
Somebody That I Used to Know Gotye
81%
The Summer of '69 Bryan Adams
79%
Hey, Soul Sister Train
68%
Wake Me UP Avicii
55%
Baby Got Back Sir Mix a-lot
55%
Teenage Dirtbug Wheatus
51%
Pumped Up Kicks Foster the People
42%
Macarena Los Del Rio
42%
I Took a Pill in Ibiza Mike Posner
42%
Who Let The Dogs Out Baha Men
40%
Heat Waves Glass Animals
40%
Kiss Me Six Pence None the Richer
36%
Glad You Came The Wanted
32%
Need You Now Lady Antebellum
30%
No matching quizzes found
Score Distribution
Percent of People with Each Score
Percentile by Number Answered
Your Score History
You have not taken this quiz